[Event "SLO-chT1 West"]
[Site "Slovenia"]
[Date "2016.12.11"]
[Round "9"]
[White "Grosar, Gari"]
[Black "Petrovic, Nejc"]
[Result "1/2-1/2"]
[WhiteElo "1859"]
[BlackElo "1921"]
[PlyCount "81"]
[EventDate "2016.11.11"]
[EventType "team-tourn"]
[EventRounds "9"]
[EventCountry "SLO"]
[SourceTitle "EXT 2018"]
[Source "ChessBase"]
[SourceDate "2017.10.13"]
[SourceVersion "1"]
[SourceVersionDate "2017.10.13"]
[SourceQuality "1"]
[WhiteTeam "Nova Gorica"]
[BlackTeam "Gorenjka Lesce"]
[WhiteTeamCountry "SLO"]
[BlackTeamCountry "SLO"]

1. e4 d5 2. exd5 Qxd5 3. Nf3 Nf6 4. d4 Bg4 5. Be2 e6 6. h3 Bh5 7. 0-0 Be7 8. c4 Qd8 9. Nc3 c6 10. Qb3 Qb6 11. Qxb6 axb6 12. Be3 Nbd7 13. Rfd1 Bb4 14. d5 Bxc3 15. dxe6 Bxb2 16. exd7+ Nxd7 17. Rab1 Bf6 18. Bxb6 Nxb6 19. Rxb6 Rxa2 20. Rxb7 0-0 21. Bd3 Rd8 22. Rbb1 Bxf3 23. gxf3 Bh4 24. Be4 Rxd1+ 25. Rxd1 Bxf2+ 26. Kf1 Kf8 27. Bxc6 Bc5 28. Rd7 Ra7 29. Rxa7 Bxa7 30. Ke2 Ke7 31. Kd3 f5 32. Kc3 Bc5 33. Kb3 Kd6 34. Bd5 g5 35. Ka4 h5 36. Kb5 Be3 37. Bf7 g4 38. fxg4 hxg4 39. hxg4 fxg4 40. Bh5 g3 41. Bf3 1/2-1/2

[Event "SLO-chT1 West"]
[Site "Slovenia"]
[Date "2016.11.13"]
[Round "3"]
[White "Grosar, Gari"]
[Black "Acimovic, Sergej"]
[Result "1/2-1/2"]
[WhiteElo "1859"]
[BlackElo "1697"]
[PlyCount "182"]
[EventDate "2016.11.11"]
[EventType "team-tourn"]
[EventRounds "9"]
[EventCountry "SLO"]
[SourceTitle "EXT 2018"]
[Source "ChessBase"]
[SourceDate "2017.10.13"]
[SourceVersion "1"]
[SourceVersionDate "2017.10.13"]
[SourceQuality "1"]
[WhiteTeam "Nova Gorica"]
[BlackTeam "Kocevje Inotherm"]
[WhiteTeamCountry "SLO"]
[BlackTeamCountry "SLO"]

1. e4 c5 2. c3 Nf6 3. e5 Nd5 4. Nf3 Nc6 5. Bc4 Nb6 6. Bb3 d6 7. Qe2 g6 8. d4 cxd4 9. cxd4 Bg7 10. 0-0 0-0 11. h3 dxe5 12. dxe5 Nd4 13. Nxd4 Qxd4 14. e6 f5 15. Nc3 f4 16. Rd1 Qf6 17. a4 a5 18. f3 Qe5 19. Qxe5 Bxe5 20. Ne4 Ra7 21. Nc5 Kg7 22. Rb1 Na8 23. Bc4 b6 24. Nd7 Bxd7 25. Rxd7 Rxd7 26. exd7 Nc7 27. b4 axb4 28. Bb2 Bxb2 29. Rxb2 Rd8 30. Rxb4 Rxd7 31. Rxb6 Rd1+ 32. Kh2 Ra1 33. Rb7 Ne8 34. Rxe7+ Kf8 35. Rf7+ Kg8 36. Rxf4+ Kg7 37. Rf7+ Kh6 38. Ra7 Rc1 39. Bb5 Nd6 40. Rd7 Nxb5 41. axb5 Rb1 42. Rb7 Rb2 43. b6 Rb4 44. Rb8 Kg5 45. b7 Rb2 46. Kg3 Rb3 47. h4+ Kh5 48. Kh3 Kh6 49. g3 Rb4 50. g4 Rb3 51. Kg3 Rb4 52. h5 g5 53. Kf2 Kg7 54. Ke3 h6 55. Kd3 Rb3+ 56. Ke4 Rb4+ 57. Ke5 Rb1 58. Ke6 Re1+ 59. Kf5 Rb1 60. Ke6 Re1+ 61. Kd5 Rd1+ 62. Ke4 Re1+ 63. Kd3 Rb1 64. f4 gxf4 65. Ke4 Re1+ 66. Kxf4 Rf1+ 67. Kg3 Rg1+ 68. Kf3 Rf1+ 69. Kg2 Rb1 70. g5 hxg5 71. h6+ Kh7 72. Kh3 Rb4 73. Kg3 Rb6 74. Kg4 Rb5 75. Kh5 Rb6 76. Kxg5 Rg6+ 77. Kf5 Rb6 78. Ke5 Rb1 79. Kd6 Rd1+ 80. Kc7 Rc1+ 81. Kb6 Rb1+ 82. Kc5 Rc1+ 83. Kb4 Rb1+ 84. Kc3 Rb6 85. Kd4 Rb1 86. Ke5 Re1+ 87. Kf6 Rf1+ 88. Kg5 Rg1+ 89. Kh4 Rh1+ 90. Kg3 Rg1+ 91. Kf2 Rb1 1/2-1/2

[Event "SLO-chT1 West"]
[Site "Slovenia"]
[Date "2016.11.12"]
[Round "2"]
[White "Jeran, Bostjan"]
[Black "Grosar, Gari"]
[Result "1-0"]
[WhiteElo "2226"]
[BlackElo "1859"]
[PlyCount "95"]
[EventDate "2016.11.11"]
[EventType "team-tourn"]
[EventRounds "9"]
[EventCountry "SLO"]
[SourceTitle "EXT 2018"]
[Source "ChessBase"]
[SourceDate "2017.10.13"]
[SourceVersion "1"]
[SourceVersionDate "2017.10.13"]
[SourceQuality "1"]
[WhiteTeam "Ljubljana Duol"]
[BlackTeam "Nova Gorica"]
[WhiteTeamCountry "SLO"]
[BlackTeamCountry "SLO"]

1. Nf3 Nf6 2. d4 g6 3. Bg5 Bg7 4. Nbd2 d6 5. e4 Nc6 6. c3 0-0 7. Be2 Bg4 8. 0-0 h6 9. Be3 Bxf3 10. Bxf3 e5 11. dxe5 Nxe5 12. Be2 Qd7 13. h3 Rae8 14. Qb3 Qc8 15. f4 Nc6 16. Bf3 Nd7 17. Rae1 Kh8 18. Qc2 Qd8 19. Nb3 Nb6 20. Nd4 Nxd4 21. cxd4 c6 22. b3 Qd7 23. a4 f5 24. a5 Nc8 25. e5 Ne7 26. Qc4 d5 27. Qc5 Nc8 28. Rc1 Rf7 29. a6 Bf8 30. Qc2 Ne7 31. axb7 Qxb7 32. Bf2 Rb8 33. Rb1 Nc8 34. Bh4 Be7 35. Bf2 Bb4 36. Rfc1 Ne7 37. Bh4 Ba3 38. Re1 Rff8 39. Bf6+ Kh7 40. g4 Qb6 41. Red1 Ng8 42. g5 Nxf6 43. gxf6 Kg8 44. Kh1 Kf7 45. Qg2 Rg8 46. Qe2 Ke6 47. Ra1 Bb4 48. Bxd5+ 1-0

[Event "SLO-chT1 West"]
[Site "Slovenia"]
[Date "2016.11.11"]
[Round "1"]
[White "Ivanusa, Blaz"]
[Black "Grosar, Gari"]
[Result "1/2-1/2"]
[WhiteElo "2077"]
[BlackElo "1859"]
[PlyCount "82"]
[EventDate "2016.11.11"]
[EventType "team-tourn"]
[EventRounds "9"]
[EventCountry "SLO"]
[SourceTitle "EXT 2018"]
[Source "ChessBase"]
[SourceDate "2017.10.13"]
[SourceVersion "1"]
[SourceVersionDate "2017.10.13"]
[SourceQuality "1"]
[WhiteTeam "Trebnje BMP"]
[BlackTeam "Nova Gorica"]
[WhiteTeamCountry "SLO"]
[BlackTeamCountry "SLO"]

1. d4 Nf6 2. Bg5 g6 3. Bxf6 exf6 4. c4 Bg7 5. Nc3 d6 6. g3 Nc6 7. Bg2 Bd7 8. e3 h5 9. h4 Rb8 10. Nge2 Ne7 11. b4 g5 12. Nc1 g4 13. Nd3 f5 14. Ne2 Ng6 15. Rb1 a6 16. Nef4 Nxf4 17. Nxf4 Bh6 18. 0-0 Bxf4 19. exf4 0-0 20. Qd3 Qf6 21. Rfe1 c6 22. d5 Rfe8 23. Rxe8+ Rxe8 24. dxc6 Bxc6 25. Rd1 Bxg2 26. Kxg2 Qe6 27. Qxd6 Qe4+ 28. Kg1 Qxc4 29. Qd7 Qe4 30. a3 Re7 31. Qc8+ Re8 32. Rd8 Qe1+ 33. Kg2 Qe4+ 34. Kh2 Rxd8 35. Qxd8+ Kh7 36. Qg5 Qc2 37. Qxh5+ Kg7 38. Qg5+ Kh7 39. Kg2 Qe4+ 40. Kf1 Qb1+ 41. Ke2 Qc2+ 1/2-1/2

[Event "Mediterranean-ch U20"]
[Site "Crete"]
[Date "2013.09.01"]
[Round "8"]
[White "Baglan, Esat"]
[Black "Grosar, Gari"]
[Result "1-0"]
[WhiteElo "2041"]
[BlackElo "1853"]
[PlyCount "76"]
[EventDate "2013.08.27"]
[EventType "swiss"]
[EventRounds "9"]
[EventCountry "GRE"]
[SourceTitle "CBM 156 Extra"]
[Source "ChessBase"]
[SourceDate "2013.10.22"]
[SourceVersion "1"]
[SourceVersionDate "2013.10.22"]
[SourceQuality "1"]

1. e4 e5 2. Nf3 Nc6 3. Bb5 a6 4. Ba4 Nf6 5. Qe2 b5 6. Bb3 Be7 7. 0-0 0-0 8. c3 d5 9. d3 Bb7 10. Rd1 Re8 11. Nbd2 Bf8 12. Nf1 Na5 13. Bc2 c5 14. Ng3 g6 15. Bg5 h6 16. Bd2 dxe4 17. dxe4 Qe7 18. b3 Nc6 19. a4 b4 20. cxb4 cxb4 21. Be3 Rad8 22. Bd3 Nd4 23. Bxd4 exd4 24. h4 Bg7 25. h5 Nd7 26. Bc4 d3 27. Bxd3 Bxa1 28. Rxa1 Ne5 29. Nxe5 Qxe5 30. Re1 Bc8 31. hxg6 fxg6 32. Bc4+ Be6 33. Qg4 Bxc4 34. bxc4 Kh7 35. f4 Qd4+ 36. Kh2 Qd2 37. Re2 Qd7 38. f5 Rf8 1-0

[Event "Mediterranean-ch U20"]
[Site "Crete"]
[Date "2013.08.29"]
[Round "4"]
[White "Vasileiou, Aimilia"]
[Black "Grosar, Gari"]
[Result "0-1"]
[WhiteElo "1417"]
[BlackElo "1853"]
[PlyCount "100"]
[EventDate "2013.08.27"]
[EventType "swiss"]
[EventRounds "9"]
[EventCountry "GRE"]
[SourceTitle "CBM 156 Extra"]
[Source "ChessBase"]
[SourceDate "2013.10.22"]
[SourceVersion "1"]
[SourceVersionDate "2013.10.22"]
[SourceQuality "1"]

1. d4 Nf6 2. c4 e5 3. e3 exd4 4. exd4 Bb4+ 5. Bd2 Bxd2+ 6. Qxd2 d5 7. Nc3 0-0 8. 0-0-0 c6 9. f3 Be6 10. cxd5 Nxd5 11. Bc4 b5 12. Bxd5 Bxd5 13. Nxd5 Qxd5 14. Kb1 a5 15. Ne2 Nd7 16. h4 Nb6 17. Nc3 Qf5+ 18. Qd3 Qxd3+ 19. Rxd3 Rad8 20. Rhd1 Rfe8 21. g4 Kf8 22. Kc2 Nd5 23. Nxd5 Rxd5 24. Kd2 Red8 25. Ke3 R8d6 26. Ke2 Ke7 27. Ke3 Kd7 28. Ke2 h5 29. g5 Rf5 30. Ke3 Re6+ 31. Kf2 Rd5 32. Re3 c5 33. Rxe6 fxe6 34. Ke3 e5 35. Ke4 Rxd4+ 36. Rxd4+ exd4 37. f4 Ke6 38. f5+ Kf7 39. a3 a4 40. Kd3 Ke7 41. Ke4 Kd6 42. Kd3 Ke7 43. Ke4 Kf7 44. Kd3 Ke7 45. Ke4 Kf8 46. Kd3 Ke7 47. Ke4 Kd6 48. Kd3 Kd5 49. f6 c4+ 50. Kd2 gxf6 0-1

[Event "SLO-ch U20"]
[Site "Kope"]
[Date "2013.07.13"]
[Round "1"]
[White "Grosar, Gari"]
[Black "Brilej, Jaka"]
[Result "1/2-1/2"]
[WhiteElo "1853"]
[BlackElo "1558"]
[PlyCount "128"]
[EventDate "2013.07.13"]
[EventType "swiss"]
[EventRounds "7"]
[EventCountry "SLO"]
[SourceTitle "EXT 2024"]
[Source "ChessBase"]
[SourceDate "2023.10.10"]
[SourceVersion "1"]
[SourceVersionDate "2023.10.10"]
[SourceQuality "1"]

1. e4 c5 2. c3 d5 3. exd5 Qxd5 4. d4 Nc6 5. Nf3 Bf5 6. Be2 e6 7. 0-0 Nf6 8. Na3 a6 9. Nc4 Qd8 10. Be3 b5 11. Nce5 Nxe5 12. Nxe5 Bd6 13. Bf3 Nd5 14. c4 Nxe3 15. fxe3 Bxe5 16. Bc6+ Ke7 17. dxe5 Rb8 18. Qf3 Qc7 19. cxb5 axb5 20. Rad1 Rhd8 21. Rxd8 Rxd8 22. Bxb5 Qxe5 23. e4 Qxe4 24. Qxe4 Bxe4 25. Re1 Bd5 26. a4 Ra8 27. Re3 Rc8 28. Ra3 Bc6 29. Bd3 Rb8 30. b3 Bd5 31. Bc2 Kd6 32. a5 Kc6 33. a6 Kb6 34. Bd3 Ka7 35. Bc2 Rb6 36. Ra5 Rxa6 37. Rxc5 Kb6 38. Rc8 Ra8 39. Rxa8 Bxa8 40. Bxh7 Bd5 41. Bc2 Kc5 42. g4 Kd4 43. h4 Ke3 44. b4 Kf4 45. Bd1 e5 46. Kf2 e4 47. Be2 e3+ 48. Ke1 f6 49. h5 Be4 50. b5 Bb7 51. Kf1 Kg3 52. Bd1 Bd5 53. Be2 Bb7 54. b6 Bc8 55. Bc4 Bb7 56. Be6 Ba6+ 57. Ke1 Kf4 58. Bd7 Bb7 59. Bf5 Ba6 60. Bd7 Bb7 61. Ke2 Ba6+ 62. Ke1 Bb7 63. Be6 Ba6 64. Bd7 Bb7 1/2-1/2

[Event "SLO-chT U20"]
[Site "Koper"]
[Date "2012.08.30"]
[Round "4"]
[White "Grosar, Gari"]
[Black "Skuhala, Jernej"]
[Result "0-1"]
[WhiteElo "1843"]
[BlackElo "1917"]
[PlyCount "42"]
[EventDate "2012.08.28"]
[EventType "team-tourn"]
[EventRounds "7"]
[EventCountry "SLO"]
[SourceTitle "EXT 2022"]
[Source "ChessBase"]
[SourceDate "2021.10.06"]
[SourceVersion "1"]
[SourceVersionDate "2021.10.06"]
[SourceQuality "1"]

1. e4 c5 2. c3 d5 3. exd5 Qxd5 4. d4 e6 5. Nf3 Nf6 6. Na3 cxd4 7. Nb5 Na6 8. Qxd4 Qxd4 9. Nfxd4 Be7 10. Be2 0-0 11. 0-0 Rd8 12. Bg5 h6 13. Bxf6 Bxf6 14. Bf3 Nc5 15. b4 Na4 16. Ne2 a6 17. Nbd4 Nxc3 18. Nxc3 Rxd4 19. Rab1 Rb8 20. Ne4 Be7 21. Nc5 b6 0-1

[Event "SLO-chT U20"]
[Site "Koper"]
[Date "2012.08.29"]
[Round "2"]
[White "Grosar, Gari"]
[Black "Bratkovic, Jakob"]
[Result "1-0"]
[WhiteElo "1843"]
[BlackElo "1922"]
[PlyCount "85"]
[EventDate "2012.08.28"]
[EventType "team-tourn"]
[EventRounds "7"]
[EventCountry "SLO"]
[SourceTitle "EXT 2022"]
[Source "ChessBase"]
[SourceDate "2021.10.06"]
[SourceVersion "1"]
[SourceVersionDate "2021.10.06"]
[SourceQuality "1"]

1. e4 c5 2. c3 Nf6 3. e5 Nd5 4. Bc4 Nb6 5. Bb3 c4 6. Bc2 Nc6 7. Nf3 g6 8. Qe2 Bg7 9. 0-0 0-0 10. Na3 a6 11. Nxc4 Nxc4 12. Qxc4 Nxe5 13. Nxe5 Bxe5 14. d4 Bg7 15. Re1 e6 16. Bf4 b5 17. Qe2 f5 18. Rad1 Bb7 19. Bb3 g5 20. Bd6 Rf6 21. d5 Bxd5 22. Bxd5 exd5 23. Be7 Re6 24. Bxd8 Rxe2 25. Rxe2 Rxd8 26. Rxd5 h6 27. Rxf5 b4 28. c4 d6 29. Rd5 Rc8 30. b3 Be5 31. g3 Kg7 32. Rc2 Kf6 33. Kf1 Kf5 34. f3 h5 35. Re2 Ke6 36. Rdd2 Kf5 37. Kg2 h4 38. Rd5 hxg3 39. hxg3 Rc6 40. Re1 Kg6 41. Rdd1 Kf6 42. Rd5 Ke6 43. Ra5 1-0

[Event "Ljubljana Summer op I"]
[Site "Ljubljana"]
[Date "2012.07.14"]
[Round "2"]
[White "Dolinar, Matic"]
[Black "Grosar, Gari"]
[Result "1-0"]
[WhiteElo "1735"]
[BlackElo "1858"]
[PlyCount "67"]
[EventDate "2012.07.13"]
[EventType "swiss"]
[EventRounds "5"]
[EventCountry "SLO"]
[SourceTitle "EXT 2023"]
[Source "ChessBase"]
[SourceDate "2022.10.05"]
[SourceVersion "1"]
[SourceVersionDate "2022.10.05"]
[SourceQuality "1"]

1. e4 e5 2. Nf3 Nc6 3. d4 exd4 4. Nxd4 Bc5 5. Be3 Bb6 6. c3 Nf6 7. Nd2 0-0 8. Bd3 d6 9. h3 Re8 10. 0-0 Ne5 11. Bc2 Ng6 12. f4 Nd5 13. Nc4 Nxe3 14. Nxe3 Qh4 15. Qf3 Bd7 16. Kh1 Qf6 17. Nd5 Qd8 18. g4 Qh4 19. Kh2 Ne7 20. Ne3 Nc6 21. Rad1 Qd8 22. g5 Nxd4 23. cxd4 Bb5 24. Rg1 g6 25. Nd5 Re6 26. f5 gxf5 27. Nf6+ Kh8 28. Qxf5 Rxf6 29. gxf6 Bd7 30. Qg5 Qg8 31. Qh6 Qf8 32. Rg7 Qg8 33. Rxg8+ Rxg8 34. e5 1-0

[Event "SLO-ch U20"]
[Site "Kamnik"]
[Date "2012.06.24"]
[Round "3"]
[White "Grosar, Gari"]
[Black "Murko, David"]
[Result "1-0"]
[WhiteElo "1858"]
[BlackElo "1516"]
[PlyCount "113"]
[EventDate "2012.06.23"]
[EventType "swiss"]
[EventRounds "7"]
[EventCountry "SLO"]
[SourceTitle "EXT 2019"]
[Source "ChessBase"]
[SourceDate "2018.10.10"]
[SourceVersion "1"]
[SourceVersionDate "2018.10.10"]
[SourceQuality "1"]

1. e4 e5 2. Nf3 Nc6 3. Bc4 Bc5 4. b4 Bxb4 5. c3 Be7 6. d4 Na5 7. Nxe5 Nxc4 8. Nxc4 d5 9. exd5 Qxd5 10. Ne3 Qd8 11. 0-0 Nf6 12. Ba3 0-0 13. Bxe7 Qxe7 14. Re1 Re8 15. Nd2 Bd7 16. Nf3 Qa3 17. Qb3 Qa5 18. Nc4 Qd5 19. Ne3 Qa5 20. Rad1 Ba4 21. Qa3 Ne4 22. Rc1 Qb5 23. Rb1 Qa6 24. Nd5 Qd6 25. Qxd6 Nxd6 26. Nxc7 Rxe1+ 27. Rxe1 Rc8 28. Nd5 Kf8 29. Ng5 h6 30. Nf3 Bc6 31. Ne7 Re8 32. Nxc6 Rxe1+ 33. Nxe1 bxc6 34. Nd3 Nb5 35. Nb4 Nxc3 36. Nxc6 a6 37. a3 Nb5 38. a4 Nc3 39. a5 Nb5 40. Kf1 Ke8 41. Ke2 Kd7 42. Ne5+ Ke6 43. Kd3 f6 44. Nc6 Kd6 45. Nb4 Na7 46. Kc4 Nc6 47. Nxc6 Kxc6 48. d5+ Kd6 49. Kd4 h5 50. f4 h4 51. f5 Kd7 52. Kc5 Kc7 53. d6+ Kb7 54. Kd5 h3 55. g3 Kc8 56. Ke6 Kd8 57. d7 1-0

[Event "Ptuj op 6th"]
[Site "Ptuj"]
[Date "2011.08.16"]
[Round "7"]
[White "Turk, Karlo"]
[Black "Grosar, Gari"]
[Result "1-0"]
[WhiteElo "2046"]
[BlackElo "1840"]
[PlyCount "91"]
[EventDate "2011.08.12"]
[EventType "swiss"]
[EventRounds "9"]
[EventCountry "SLO"]
[SourceTitle "CBM 143 Extra"]
[Source "ChessBase"]
[SourceDate "2011.08.29"]
[SourceVersion "1"]
[SourceVersionDate "2011.08.29"]
[SourceQuality "1"]

1. d4 Nf6 2. Nf3 g6 3. c4 Bg7 4. Nc3 0-0 5. Bg5 d6 6. e3 Nbd7 7. Be2 c6 8. 0-0 h6 9. Bh4 Qc7 10. b4 e5 11. Qb3 g5 12. Bg3 Nh5 13. Rad1 Nxg3 14. hxg3 f5 15. c5+ d5 16. e4 fxe4 17. Nxe4 Kh8 18. Nd6 e4 19. Ne1 Nf6 20. Nc2 Ne8 21. Nxc8 Qxc8 22. b5 Nf6 23. bxc6 bxc6 24. Qa4 Qe6 25. Ne3 h5 26. Rb1 Rf7 27. Rb6 Rc8 28. Ra6 Rcc7 29. Rb1 Ng4 30. Bxg4 hxg4 31. Rb8+ Kh7 32. Rb4 Qc8 33. Ra5 Qd7 34. Qd1 Rb7 35. a3 Rxb4 36. axb4 Qb7 37. Qd2 Qc8 38. Nc2 Qf5 39. Qe3 Qf6 40. Ra6 Rc7 41. b5 Kg6 42. Qa3 Kh5 43. Rxc6 Rxc6 44. bxc6 Qxc6 45. Qxa7 Qf6 46. Ne3 1-0

[Event "Nova Gorica op-A 16th"]
[Site "Nova Gorica"]
[Date "2011.02.02"]
[Round "8"]
[White "Ramadani, Sarah"]
[Black "Grosar, Gari"]
[Result "1-0"]
[WhiteElo "1635"]
[BlackElo "1876"]
[PlyCount "35"]
[EventDate "2011.01.28"]
[EventType "swiss"]
[EventRounds "9"]
[EventCountry "SLO"]
[SourceTitle "CBM 140 Extra"]
[Source "ChessBase"]
[SourceDate "2011.03.01"]
[SourceVersion "1"]
[SourceVersionDate "2011.03.01"]
[SourceQuality "1"]

1. e4 e5 2. Nf3 Nc6 3. Bc4 Bc5 4. b4 Bxb4 5. c3 Ba5 6. d4 Qe7 7. Qb3 Nxd4 8. Nxd4 exd4 9. 0-0 Bxc3 10. Nxc3 dxc3 11. Qxc3 Nf6 12. e5 Ng4 13. Ba3 c5 14. Qg3 0-0 15. Qxg4 Qxe5 16. Rae1 d6 17. Qf3 Qg5 18. Qxf7+ 1-0

[Event "Nova Gorica op-A 16th"]
[Site "Nova Gorica"]
[Date "2011.01.30"]
[Round "5"]
[White "Grosar, Gari"]
[Black "Vrhovnik, Damir"]
[Result "0-1"]
[WhiteElo "1876"]
[BlackElo "2048"]
[PlyCount "110"]
[EventDate "2011.01.28"]
[EventType "swiss"]
[EventRounds "9"]
[EventCountry "SLO"]
[SourceTitle "CBM 140 Extra"]
[Source "ChessBase"]
[SourceDate "2011.03.01"]
[SourceVersion "1"]
[SourceVersionDate "2011.03.01"]
[SourceQuality "1"]

1. e4 c5 2. c3 d6 3. d4 Nf6 4. Bd3 Nc6 5. Ne2 g6 6. 0-0 Bg7 7. h3 0-0 8. Be3 cxd4 9. Nxd4 Bd7 10. Nd2 a6 11. N2f3 Qc7 12. Qd2 Ne5 13. Nxe5 dxe5 14. Nf3 Bc6 15. Qc2 Rfd8 16. Bg5 h6 17. Bxf6 Bxf6 18. Rad1 b5 19. Nh2 Bg7 20. Rfe1 Qb7 21. f3 Rdc8 22. Bf1 Rab8 23. Rd3 b4 24. c4 f5 25. Rde3 Rf8 26. c5 Kh8 27. Bc4 Qa7 28. Bd3 e6 29. Kh1 h5 30. Nf1 Bb5 31. Nd2 Bh6 32. R3e2 Bxd3 33. Qxd3 Qxc5 34. Qxa6 Qe7 35. Nc4 Bf4 36. exf5 Qh4 37. Ne3 gxf5 38. Qxe6 Rf6 39. Qe7 Rbf8 40. Nxf5 Qg5 41. Ne3 R8f7 42. Qd8+ Rf8 43. Qe7 R8f7 44. Qxb4 Rg6 45. Qe4 Rfg7 46. Nf5 Rg8 47. Rd1 Qxg2+ 48. Rxg2 Rxg2 49. Ng7 Rh2+ 50. Kg1 Rxg7+ 51. Kf1 Rh1+ 52. Kf2 Rxd1 53. Qa8+ Kh7 54. a4 Rd2+ 55. Kf1 Rc7 0-1

[Event "SLO-chT U20"]
[Site "Rogaska Slatina"]
[Date "2010.08.25"]
[Round "8"]
[White "Mejak, Severin"]
[Black "Grosar, Gari"]
[Result "1-0"]
[WhiteElo "2001"]
[BlackElo "1913"]
[PlyCount "109"]
[EventDate "2010.08.21"]
[EventType "team-tourn"]
[EventRounds "9"]
[EventCountry "SLO"]
[SourceTitle "EXT 2022"]
[Source "ChessBase"]
[SourceDate "2021.10.06"]
[SourceVersion "1"]
[SourceVersionDate "2021.10.06"]
[SourceQuality "1"]

1. d4 Nf6 2. Nf3 g6 3. c4 Bg7 4. g3 0-0 5. Bg2 d6 6. 0-0 c6 7. Nc3 Nbd7 8. e4 e5 9. h3 b6 10. Be3 Bb7 11. Qc2 Qe7 12. d5 cxd5 13. cxd5 Rfc8 14. Rfc1 Nc5 15. Ne1 h6 16. b4 Ncd7 17. Qb2 Ne8 18. f3 f5 19. Bf2 Qf6 20. Bf1 h5 21. Nb5 a6 22. Nc3 Bh6 23. Rc2 g5 24. g4 hxg4 25. hxg4 fxg4 26. fxg4 Qf4 27. Be2 Ng7 28. Ng2 Qf6 29. Rac1 b5 30. a4 bxa4 31. Nxa4 Rxc2 32. Rxc2 Rc8 33. Nb6 Nxb6 34. Bxb6 Qf8 35. Qc1 Rxc2 36. Qxc2 Qc8 37. Qxc8+ Bxc8 38. Ne3 Ne8 39. Bd8 Kh7 40. Nf5 Bb7 41. Be7 Bc8 42. Nxd6 Nxd6 43. Bxd6 Bg7 44. Be7 Kg6 45. Kf2 Bf6 46. Bc5 Bd8 47. Ke3 Kf6 48. Kd2 Bd7 49. Bxa6 Bxg4 50. b5 Bc7 51. Ba7 Bd7 52. b6 Bd6 53. b7 g4 54. b8Q Bxb8 55. Bxb8 1-0

[Event "Nova Gorica op-B 15th"]
[Site "Nova Gorica"]
[Date "2010.02.02"]
[Round "4"]
[White "Grosar, Gari"]
[Black "Portelli, Severino"]
[Result "1-0"]
[WhiteElo "1898"]
[BlackElo "1845"]
[PlyCount "97"]
[EventDate "2010.01.31"]
[EventType "swiss"]
[EventRounds "9"]
[EventCountry "SLO"]
[SourceTitle "CBM 134 Extra"]
[Source "ChessBase"]
[SourceDate "2010.03.03"]
[SourceVersion "1"]
[SourceVersionDate "2010.03.03"]
[SourceQuality "1"]

1. e4 e5 2. Nf3 Nc6 3. d4 exd4 4. Bc4 d6 5. Nxd4 Ne5 6. Bb3 Bg4 7. f3 Bd7 8. Bf4 c5 9. Bxe5 dxe5 10. Ne2 Bc6 11. Nbc3 Qa5 12. Qd2 Rd8 13. Nd5 Qxd2+ 14. Kxd2 Nf6 15. c4 Be7 16. Ke3 Bxd5 17. exd5 0-0 18. Nc3 g6 19. Rad1 Ne8 20. g4 Nd6 21. Ne4 b6 22. h4 f5 23. Nxd6 Rxd6 24. g5 Kg7 25. Rdg1 h6 26. f4 e4 27. h5 hxg5 28. h6+ Kh7 29. fxg5 Re8 30. Rg2 Bd8 31. Rf1 Re7 32. a3 Bc7 33. Bc2 Rd8 34. Rgf2 Rf8 35. Rd2 Bd6 36. Rdf2 Be5 37. Rf4 Bd4+ 38. Ke2 Be5 39. Rxe4 Bd6 40. Rxe7+ Bxe7 41. Rg1 Re8 42. Ba4 Rf8 43. Bd7 Bd6 44. Kf3 Rd8 45. Bc6 Be7 46. Kf4 Bd6+ 47. Kf3 Rf8 48. Re1 Rf7 49. Re6 1-0